| 000 | 00794nam a22002537a 4500 | ||
|---|---|---|---|
| 001 | AUWbook33503 | ||
| 003 | BDCtgAUW | ||
| 005 | 20260429184724.0 | ||
| 008 | 260426b ja ||||| |||| 00| 0 jpn d | ||
| 020 | _a 9784872177114 | ||
| 040 |
_aBDCtgAUW _cBDCtgAUW |
||
| 050 | 4 |
_aPL539 _b.K24 2009 |
|
| 100 | 1 |
_aKawamoto, Kazuko. _eauthor |
|
| 245 | 1 | 0 |
_aJapanese graded readers : _blevel 0, vol. 1, part 3 / _cKazuko Kawamoto. |
| 260 |
_aJapan : _bAsk publishing, _c2009. |
||
| 300 |
_a15 pages : _bpictures; _c22cm. |
||
| 362 | 0 | _alevel 0, vol. 1, part 3 | |
| 490 | 1 | _aJapanese graded readers. | |
| 500 | _aJapanese language. | ||
| 650 | 4 |
_a Japanese language _xConversation and phrase books |
|
| 830 | 0 |
_aJapanese graded readers. _991690 |
|
| 887 |
_28 _aPapia Akter |
||
| 942 |
_2lcc _cBK _n0 |
||
| 999 |
_c18689 _d18689 |
||
| 888 | _28 | ||